[Event "Agarr's SC Free for All 4"]
[Site "SchemingMind.com"]
[Date "2006.12.23"]
[Round "-"]
[White "calidore"]
[Black "Nightlamp"]
[Result "0-1"]
[WhiteCountry "ISR"]
[BlackCountry "BEL"]
[WhiteElo "1842"]
[WhiteRD "61"]
[BlackElo "1932"]
[BlackRD "79"]
[GameID "83370"]

1. e4 c5 2. c3 Nf6 3. e5 Nd5 4. d4 cxd4 5. cxd4 e6 6. Nf3 d6 7. Nc3 Nxc3 8. bxc3 Qc7 9. Bd2 Nd7 10. Qa4 b6
11. Be2 Bb7 12. O-O Bc6 13. Qc2 dxe5 14. dxe5 Nxe5 15. Bf4 Nxf3+ 16. Bxf3 Bd6 17. Bxd6 Qxd6 18. Rad1 Qc7 19. Bxc6+ Qxc6 20. Rd3 O-O
21. Rh3 g6 22. Qd2 f6 23. Rd1 Qc7 24. Qe3 e5 25. Qe4 Rad8 26. Rhd3 Rxd3 27. Rxd3 Rd8 28. Rxd8+ Qxd8 29. Qc4+ Kg7 30. h4 Qd7
31. a4 Qe7 32. Qc6 e4 33. Kf1 f5 34. g3 e3 35. f3 Qe5 36. f4 e2+ 37. Ke1 Qe3 38. Qd7+ Kh6 39. Qd6 Qxg3+ 40. Kxe2 Qxh4
41. Qf8+ Kh5 42. Qf7 Kg4 43. Qxa7 Qh2+ 44. Kd3 Qxf4 45. c4 Qd6+ 46. Kc3 h5 47. Qb7 h4 48. Kc2 h3 49. Qh1 Qd4 50. Qh2 Qxc4+
51. Kb2 Qd4+ 52. Kb3 f4 53. Qe2+ Kg3 54. Qe1+ Qf2 55. Qb1 Qe3+ 56. Kb4 g5 57. Kc4 f3 58. Qg6 f2
0-1

[Event "Agarr's SC Free for All 4"]
[Site "SchemingMind.com"]
[Date "2006.12.22"]
[Round "-"]
[White "calidore"]
[Black "markakeen"]
[Result "0-1"]
[WhiteCountry "ISR"]
[BlackCountry "GBR"]
[WhiteElo "1826"]
[WhiteRD "61"]
[BlackElo "2020"]
[BlackRD "90"]
[GameID "83371"]

1. e4 c5 2. c3 Nf6 3. e5 Nd5 4. d4 e6 5. Nf3 a6 6. c4 Nc7 7. d5 exd5 8. cxd5 d6 9. Bg5 Be7 10. exd6 Qxd6
11. Bxe7 Qxe7+ 12. Be2 O-O 13. O-O Nxd5 14. Re1 Be6 15. Bc4 Nb4 16. a3 N4c6 17. Nc3 Rd8 18. Qe2 Nd4 19. Nxd4 cxd4 20. Nd5 Qd6
21. Nb4 Bxc4 22. Qxc4 Nc6 23. Rac1 Nxb4 24. axb4 b5 25. Qd3 Qxb4 26. Re2 Re8 27. h3 Rxe2 28. Qxe2 Rd8 29. Rc7 Qd6 30. Re7 g6
31. Re4 d3 32. Qd2 a5 33. Re3 Qd4 34. Rf3 a4 35. h4 b4 36. h5 a3 37. bxa3 b3 38. hxg6 hxg6
0-1

[Event "Agarr's SC Free for All 4"]
[Site "SchemingMind.com"]
[Date "2006.12.23"]
[Round "-"]
[White "cnbcad"]
[Black "calidore"]
[Result "0-1"]
[WhiteCountry "USA"]
[BlackCountry "ISR"]
[WhiteElo "1455"]
[WhiteRD "52"]
[BlackElo "1826"]
[BlackRD "61"]
[GameID "83372"]

1. e4 Nf6 2. Nc3 d5 3. e5 d4 4. exf6 dxc3 5. fxg7 cxd2+ 6. Qxd2 Qxd2+ 7. Bxd2 Bxg7 8. c3 Bd7 9. Nf3 Bc6 10. Be2 Nd7
11. O-O-O O-O-O 12. Be3 Ne5 13. Bd4 f6 14. Nxe5 fxe5 15. Bxa7 b6 16. Rxd8+ Rxd8 17. Ba6+ Bb7 18. Bxb6 Bxa6 19. Bc5 Bh6+ 20. Kb1 Bd3+
21. Ka1 e4 22. Bxe7 Rd7 23. Bc5 Rd5 24. Bd4 c5 25. Be3 Bg7 26. Rd1 c4 27. g3 Bf6 28. b3 Bxc3#
0-1

[Event "Agarr's SC Free for All 4"]
[Site "SchemingMind.com"]
[Date "2006.12.23"]
[Round "-"]
[White "paddyBosnian"]
[Black "calidore"]
[Result "1-0"]
[WhiteCountry "BIH"]
[BlackCountry "ISR"]
[WhiteElo "1933"]
[WhiteRD "77"]
[BlackElo "1826"]
[BlackRD "61"]
[GameID "83373"]

1. d4 Nf6 2. c4 e6 3. Nf3 b6 4. g3 Bb7 5. Bg2 Be7 6. Nc3 O-O 7. O-O d6 8. Qc2 Nbd7 9. e4 d5 10. e5 Ne4
11. Nxe4 dxe4 12. Nd2 f5 13. exf6 Nxf6 14. Nxe4 Nxe4 15. Bxe4 Bxe4 16. Qxe4 c5 17. Qxe6+ Kh8 18. d5 Rf6 19. Qe2 Qd7 20. Bg5 Rf7
21. Bxe7 Rxe7 22. Qd2 Qg4 23. b3 Rae8 24. Rae1 h5 25. Kg2 h4 26. h3 Qg6 27. Rxe7 Rxe7 28. Re1 Rf7 29. Re6 Qf5 30. Qe2 hxg3
31. fxg3 g6 32. Qe5+ Qxe5 33. Rxe5 Kg7 34. h4 Kf8 35. h5 gxh5 36. Rxh5 Re7 37. Rf5+ Kg7 38. Kf2 Kg6 39. Rf4 Kg5 40. a3 Rh7
41. b4 Rh2+ 42. Ke3 Ra2 43. bxc5 bxc5 44. d6 Rxa3+ 45. Ke4 Ra6 46. Kd5 Ra1 47. Kxc5 Rd1 48. Kc6 a5 49. c5
1-0

[Event "Agarr's SC Free for All 4"]
[Site "SchemingMind.com"]
[Date "2006.12.24"]
[Round "-"]
[White "agarr"]
[Black "calidore"]
[Result "1-0"]
[WhiteCountry "RUS"]
[BlackCountry "ISR"]
[WhiteElo "1736"]
[WhiteRD "70"]
[BlackElo "1826"]
[BlackRD "61"]
[GameID "83374"]

1. e4 Nf6 2. e5 Nd5 3. d4 d6 4. h3 Nc6 5. exd6 cxd6 6. Nf3 g6 7. c4 Nf6 8. d5 Ne5 9. Nxe5 dxe5 10. b3 e6
11. Bg5 Bg7 12. d6 Bd7 13. b4 Qb6 14. b5 O-O 15. Be3 Qa5+ 16. Nd2 Ne4 17. Bd3 Nc3 18. Qb3 e4 19. Bc2 Nxb5 20. cxb5 Bxa1
21. O-O Bg7 22. a4 a6 23. b6 Rac8 24. Nxe4 Rfd8 25. Rd1 Rc6 26. Bg5 Rdc8 27. Rd2 Rxb6 28. Qf3 Bc6 29. d7 Bxd7 30. Rxd7 Rxc2
31. Qxf7+
1-0

[Event "Agarr's SC Free for All 4"]
[Site "SchemingMind.com"]
[Date "2006.12.25"]
[Round "-"]
[White "norlavuaram"]
[Black "calidore"]
[Result "0-1"]
[WhiteCountry "PER"]
[BlackCountry "ISR"]
[WhiteElo "1790"]
[WhiteRD "72"]
[BlackElo "1826"]
[BlackRD "61"]
[GameID "83375"]

1. e4 Nf6 2. e5 Nd5 3. d4 d6 4. Nf3 Bg4 5. Be2 e6 6. O-O Be7 7. c4 Nb6 8. exd6 cxd6 9. Nbd2 O-O 10. b3 Bf6
11. Bb2 Nc6 12. Rc1 d5 13. c5 Nc8 14. a3 N8e7 15. b4 a6 16. h3 Bxf3 17. Nxf3 Ng6 18. Qd2 Qc7 19. a4 Nf4
0-1

[Event "Agarr's SC Free for All 4"]
[Site "SchemingMind.com"]
[Date "2006.12.23"]
[Round "-"]
[White "mkefeli"]
[Black "calidore"]
[Result "1-0"]
[WhiteCountry "TUR"]
[BlackCountry "ISR"]
[WhiteElo "2060"]
[WhiteRD "74"]
[BlackElo "1836"]
[BlackRD "62"]
[GameID "83376"]

1. e4 Nf6 2. e5 Nd5 3. d4 d6 4. Nf3 Bg4 5. Be2 e6 6. O-O Be7 7. h3 Bxf3 8. Bxf3 Nc6 9. exd6 cxd6 10. c4 Nf6
11. Be3 O-O 12. Nd2 d5 13. c5 b6 14. Qa4 Rc8= 15. b4 Nd7 16. b5 Na5 17. c6 Nf6 18. Rfc1 Bd6 19. Nb3 Nc4= 20. Rxc4 dxc4
21. Qxc4 Bc7 22. g3 Nd5 23. Bc1 h6 24. a4 Ne7 25. Ba3 Re8 26. Bb4 Nf5= 27. d5 exd5 28. Bxd5 Qf6 29. Bc3 Qg6 30. Qg4 Qxg4=
31. hxg4 Ne7 32. Bf3 Rcd8 33. Bd4 Ng6 34. Kf1 Be5 35. Bxe5 Nxe5 36. Be2 Ng6 37. a5 Re7 38. axb6 axb6 39. Ra6 Rb8 40. Nd2 Rbe8
41. Bd3 Ne5 42. Bb1 Rb8 43. Kg2 Rc7 44. Be4 g5 45. Kh3 Rd8 46. Nb1 Nc4= 47. Nc3 Rd4 48. Nd5 Rxe4 49. Nxc7 Re5 50. Ra8+ Kg7
51. Na6 Rxb5 52. c7 Nd6 53. Rd8
1-0

[Event "Agarr's SC Free for All 4"]
[Site "SchemingMind.com"]
[Date "2006.12.23"]
[Round "-"]
[White "Negrito19"]
[Black "calidore"]
[Result "0-1"]
[WhiteCountry "ARG"]
[BlackCountry "ISR"]
[WhiteElo "1551"]
[WhiteRD "55"]
[BlackElo "1860"]
[BlackRD "65"]
[GameID "83377"]

1. e4 Nf6 2. Nf3 Nxe4 3. d3 Nf6 4. Nc3 d5 5. Bf4 Bg4 6. Be2 e6 7. Ne5 Bxe2 8. Qxe2 Nbd7 9. O-O Be7 10. Nb5 c6
11. Ng6 hxg6 12. Nc7+ Kf8 13. Nxa8 Qxa8 14. d4 Nh5 15. Bc7 Qc8 16. Bg3 Nxg3 17. fxg3 Nf6 18. c4 Ne4 19. Qf3 Bf6 20. Qe2 Bxd4+
21. Kh1 Nxg3#
0-1

[Event "Agarr's SC Free for All 4"]
[Site "SchemingMind.com"]
[Date "2006.12.23"]
[Round "-"]
[White "Nightlamp"]
[Black "calidore"]
[Result "1-0"]
[WhiteCountry "BEL"]
[BlackCountry "ISR"]
[WhiteElo "1839"]
[WhiteRD "88"]
[BlackElo "1826"]
[BlackRD "61"]
[GameID "83378"]

1. d4 Nf6 2. Nf3 d5 3. g3 c5 4. Bg2 cxd4 5. O-O Nc6 6. Nxd4 e5 7. Nxc6 bxc6 8. c4 Be6 9. cxd5 Bxd5 10. Nc3 Bxg2
11. Kxg2 Qxd1 12. Rxd1 Bb4= 13. Bd2 O-O 14. Rac1 Rfd8 15. a3 Ba5 16. b4 Bb6 17. Bg5 Bd4 18. Bxf6 gxf6 19. Ne4 Kg7= 20. Rxc6 f5
21. Nd6 Kf8 22. Nxf5 Rac8 23. Rxc8 Rxc8 24. Nxd4 exd4 25. Rxd4 Rc2 26. Kf3 Rc3+ 27. Rd3 Rc6 28. e4 Rf6+ 29. Ke3 Rh6 30. h4 Ke7
31. Rd5 Ra6 32. Ra5 Rxa5 33. bxa5 Kd6 34. Kd4 f6 35. f4 h5 36. e5+ fxe5+ 37. fxe5+ Kc6 38. a6
1-0

[Event "Agarr's SC Free for All 4"]
[Site "SchemingMind.com"]
[Date "2006.12.23"]
[Round "-"]
[White "markakeen"]
[Black "calidore"]
[Result "1/2-1/2"]
[WhiteCountry "GBR"]
[BlackCountry "ISR"]
[WhiteElo "2020"]
[WhiteRD "90"]
[BlackElo "1826"]
[BlackRD "61"]
[GameID "83379"]

1. e4 Nf6 2. e5 Nd5 3. c4 Nb6 4. d4 d6 5. f4 dxe5 6. fxe5 Bf5 7. Nf3 e6 8. Nc3 Be7 9. Be2 O-O 10. O-O f6
11. Bf4 Nc6 12. d5 Nxe5 13. Nxe5 fxe5 14. Bxe5 Bd6 15. Qd4 Qe7 16. Bxd6 cxd6 17. dxe6 Bxe6 18. Rxf8+ Rxf8 19. Rd1 d5 20. cxd5 Bxd5
21. Nxd5 Qxe2 22. Nxb6 axb6 23. Rc1 h6 24. Qc4+ Qxc4 25. Rxc4 Rf6= 26. Rc7 Rf7 27. Rxf7 Kxf7 28. Kf2 Ke6=
1/2-1/2

[Event "Agarr's SC Free for All 4"]
[Site "SchemingMind.com"]
[Date "2006.12.23"]
[Round "-"]
[White "Pedro666"]
[Black "cnbcad"]
[Result "1-0"]
[WhiteCountry "POL"]
[BlackCountry "USA"]
[WhiteElo "2074"]
[WhiteRD "93"]
[BlackElo "1455"]
[BlackRD "52"]
[GameID "83384"]

1. d4 d5 2. Nf3 Nc6 3. g3 Bg4 4. Bg2 Bxf3 5. Bxf3 Nxd4 6. Qxd4 e6 7. e4 c5 8. Qa4+ Ke7 9. exd5 Qd7 10. Qxd7+ Kxd7
11. dxe6+ Kxe6 12. Bxb7 Rb8 13. Bf3 Nf6 14. O-O Bd6 15. Re1+ Kd7 16. Rd1 Rhd8 17. Nc3 Ke7 18. b3 Kf8 19. Rxd6 Rxd6 20. Bf4 Rd3
21. cxd3
1-0

[Event "Agarr's SC Free for All 4"]
[Site "SchemingMind.com"]
[Date "2006.12.23"]
[Round "-"]
[White "Pedro666"]
[Black "paddyBosnian"]
[Result "1-0"]
[WhiteCountry "POL"]
[BlackCountry "BIH"]
[WhiteElo "2150"]
[WhiteRD "87"]
[BlackElo "1962"]
[BlackRD "72"]
[GameID "83385"]

1. Nf3 Nf6 2. g3 b6 3. Bg2 Bb7 4. O-O e6 5. c4 Be7 6. Nc3 O-O 7. d3 d5 8. Nd2 c5 9. Rb1 Nc6 10. a3 d4
11. Na2 a5 12. Qc2 Ra7 13. Nf3 Qa8 14. b3 Re8 15. e4 dxe3 16. fxe3 Ng4 17. Nc3 Bc8 18. Nb5 Rd7 19. h3 Nf6 20. Ne5 Bb7
21. Nxd7 Nxd7 22. Nc7 Qb8 23. Nxe8 Qxe8 24. Bb2 Qb8 25. Qf2 f6 26. d4 Bd6 27. g4 Bg3 28. Qd2 Nf8 29. d5 Ne5 30. dxe6 Bh2+
31. Kh1 Nxe6 32. Bxb7 Qxb7+ 33. Qd5
1-0

[Event "Agarr's SC Free for All 4"]
[Site "SchemingMind.com"]
[Date "2006.12.24"]
[Round "-"]
[White "Pedro666"]
[Black "agarr"]
[Result "1-0"]
[WhiteCountry "POL"]
[BlackCountry "RUS"]
[WhiteElo "2150"]
[WhiteRD "87"]
[BlackElo "1752"]
[BlackRD "71"]
[GameID "83386"]

1. d4 d5 2. Nf3 Bf5 3. Bf4 e6 4. e3 Bd6 5. Ne5 Nf6 6. Nd2 O-O 7. h3 Nbd7 8. Ndf3 h6 9. Bd3 Ne4 10. O-O f6
11. Nxd7 Qxd7 12. Bxd6 cxd6 13. Re1 Rac8 14. Nh4 Bh7 15. g4 f5 16. f3 Ng5 17. f4 Ne4 18. Bxe4 dxe4 19. c3 d5 20. Rf1 b5
21. g5 hxg5 22. fxg5 Qf7 23. Qe2 g6 24. Ng2 Rc4 25. Nf4 Kg7 26. h4 Rh8 27. Rf2 a6 28. Rh2 Kf8 29. a4 bxa4 30. b3 Rc6
31. Rxa4 Qb7 32. Rb4 Qc7 33. h5 Rg8 34. c4 a5 35. Rb5 Kf7 36. hxg6+ Bxg6 37. Nxg6 Rxg6 38. Rh7+ Rg7 39. Qh5+
1-0

[Event "Agarr's SC Free for All 4"]
[Site "SchemingMind.com"]
[Date "2006.12.24"]
[Round "-"]
[White "Pedro666"]
[Black "norlavuaram"]
[Result "1-0"]
[WhiteCountry "POL"]
[BlackCountry "PER"]
[WhiteElo "2074"]
[WhiteRD "93"]
[BlackElo "1790"]
[BlackRD "72"]
[GameID "83387"]

1. Nf3 Nf6 2. d4 g6 3. g3 Bg7 4. Bg2 O-O 5. O-O d6 6. c4 c5 7. dxc5 dxc5 8. Nc3 Nc6 9. Bf4 Be6 10. Ne5 Nxe5
11. Bxe5 Bxc4 12. Bxb7 Qxd1 13. Rfxd1 Rad8 14. Rac1 Nd7 15. Bc7 Bxc3 16. Bxd8 Rxd8 17. Rxc3 Be6 18. Bc6 Kg7 19. Bxd7 Rxd7 20. Rxd7 Bxd7
21. Rxc5 Be6 22. b3 Kf6 23. Ra5
1-0

[Event "Agarr's SC Free for All 4"]
[Site "SchemingMind.com"]
[Date "2006.12.23"]
[Round "-"]
[White "Pedro666"]
[Black "mkefeli"]
[Result "1-0"]
[WhiteCountry "POL"]
[BlackCountry "TUR"]
[WhiteElo "2150"]
[WhiteRD "87"]
[BlackElo "2060"]
[BlackRD "74"]
[GameID "83388"]

1. d4 c5 2. c3 e6 3. Nf3 Nf6 4. Bf4 Nc6 5. e3 Be7 6. h3 b6 7. Bd3 Bb7 8. O-O O-O 9. Nbd2 d5 10. Ne5 Rc8
11. Qe2 h6 12. Rac1 Bd6 13. Ndf3 Ne4 14. Rfd1 Bxe5 15. Nxe5 Nxe5 16. Bxe5 f5 17. Kh2 Qe7 18. f3 Nd6 19. g4 Nf7 20. gxf5 Nxe5
21. dxe5 exf5 22. f4 Qh4 23. Qg2 Rc7 24. Qg3 Qxg3+ 25. Kxg3 g6 26. Rg1 Rg7 27. Rcd1 Kf7 28. Kf2 Ke6 29. Be2 Ba8 30. h4 g5
31. hxg5 hxg5 32. Rh1 gxf4 33. exf4 Rfg8 34. Bf3 c4 35. Rh6+ Rg6 36. Rdh1 Bc6 37. Rh7 a5 38. Rc7
1-0

[Event "Agarr's SC Free for All 4"]
[Site "SchemingMind.com"]
[Date "2006.12.23"]
[Round "-"]
[White "Pedro666"]
[Black "Negrito19"]
[Result "1-0"]
[WhiteCountry "POL"]
[BlackCountry "ARG"]
[WhiteElo "2074"]
[WhiteRD "93"]
[BlackElo "1560"]
[BlackRD "56"]
[GameID "83389"]

1. d4 d5 2. Nf3 Nc6 3. Bf4 Bf5 4. e3 a6 5. c4 Nf6 6. Nc3 e6 7. Rc1 Bb4 8. h3 Ne4 9. cxd5 exd5 10. Bd3 Nxc3
11. bxc3 Bxd3 12. Qxd3 Bd6 13. Qf5 Bxf4 14. Qxf4 f6 15. O-O O-O 16. c4 Ne7 17. c5 c6 18. Rb1 Rb8 19. Rb6 Qd7 20. Rfb1 g5
21. Qd6 Qxd6 22. cxd6 Nc8 23. Rxb7 Rxb7 24. Rxb7 Nxd6 25. Rb6 a5 26. Rxc6 Nc4= 27. Rc5 Rd8 28. Rb5 a4= 29. Kf1 Rd6 30. Ke2 a3
31. Nd2 Kg7= 32. Nxc4 dxc4 33. d5 Kg6 34. e4 h5= 35. g3 Rd7 36. f4 c3= 37. Kd3 Rc7 38. Kc2 Rc4 39. d6 Rxe4 40. Rd5 gxf4
41. d7 fxg3 42. d8=Q Re5 43. Rxe5 fxe5 44. Qg8+ Kf5 45. Qxg3 Ke4 46. Kxc3 Kd5 47. h4 Kd6 48. Kc4 Ke6 49. Qg6+ Kd7 50. Kd5 e4
51. Qf7+ Kc8 52. Kc6
1-0

[Event "Agarr's SC Free for All 4"]
[Site "SchemingMind.com"]
[Date "2006.12.23"]
[Round "-"]
[White "Pedro666"]
[Black "calidore"]
[Result "1-0"]
[WhiteCountry "POL"]
[BlackCountry "ISR"]
[WhiteElo "2074"]
[WhiteRD "93"]
[BlackElo "1826"]
[BlackRD "61"]
[GameID "83390"]

1. d4 Nf6 2. Nf3 e6 3. Bf4 c5 4. c3 d5 5. e3 Nc6 6. Nbd2 cxd4 7. exd4 Bd6 8. Ne5 O-O 9. Bd3 Qc7 10. Ndf3 h6
11. h3 Nd7 12. Qe2 Ndxe5 13. dxe5 Be7 14. O-O Bd7= 15. Bc2 f5 16. exf6 Qxf4 17. fxe7 Nxe7 18. Ne5 Be8 19. Rae1 Rf6 20. Ng4 Bd7
21. g3 Qg5 22. h4
1-0

[Event "Agarr's SC Free for All 4"]
[Site "SchemingMind.com"]
[Date "2006.12.23"]
[Round "-"]
[White "Pedro666"]
[Black "Nightlamp"]
[Result "1-0"]
[WhiteCountry "POL"]
[BlackCountry "BEL"]
[WhiteElo "2074"]
[WhiteRD "93"]
[BlackElo "1839"]
[BlackRD "88"]
[GameID "83391"]

1. d4 d5 2. Nf3 Nc6 3. Bf4 Bg4 4. Ne5 Nxe5 5. Bxe5 e6 6. c3 Qd7 7. Qb3 c6 8. e3 Nf6 9. Bd3 Be7 10. Nd2 O-O
11. O-O Bh5 12. Rfe1 Bg6 13. Bxg6 hxg6 14. e4 Nxe4 15. Nxe4 dxe4 16. Rxe4 Bf6 17. Rae1 Rad8 18. R1e3 b6 19. h4 Qd5 20. Qa3 Rd7
21. h5 g5 22. h6 Kh7 23. Qxf8
1-0

[Event "Agarr's SC Free for All 4"]
[Site "SchemingMind.com"]
[Date "2006.12.23"]
[Round "-"]
[White "Pedro666"]
[Black "markakeen"]
[Result "1-0"]
[WhiteCountry "POL"]
[BlackCountry "GBR"]
[WhiteElo "2074"]
[WhiteRD "93"]
[BlackElo "2020"]
[BlackRD "90"]
[GameID "83392"]

1. d4 Nf6 2. Nf3 g6 3. g3 Bg7 4. Bg2 O-O 5. O-O d6 6. c4 Nbd7 7. Nc3 e5 8. e4 c6 9. h3 Qb6 10. Re1 exd4
11. Nxd4 Nc5 12. Nc2 Re8 13. Rb1 Qc7 14. Bf4 Rd8 15. Qd2 Nh5 16. Bg5 Nf6 17. Rbd1 Be6 18. Qf4 Qe7 19. Qh4 h6 20. Bxh6 Bxh6
21. Qxh6 Bxc4 22. Rd4 b5 23. e5 dxe5 24. Rh4 Nh5 25. Be4 Qf6 26. Rxh5
1-0

[Event "Agarr's SC Free for All 4"]
[Site "SchemingMind.com"]
[Date "2006.12.23"]
[Round "-"]
[White "cnbcad"]
[Black "Pedro666"]
[Result "0-1"]
[WhiteCountry "USA"]
[BlackCountry "POL"]
[WhiteElo "1455"]
[WhiteRD "52"]
[BlackElo "2074"]
[BlackRD "93"]
[GameID "83393"]

1. e4 Nf6 2. e5 Nd5 3. Bc4 Nb6 4. Bb3 c5 5. Bxf7+ Kxf7 6. d4 e6 7. Qh5+ g6 8. Qf3+ Kg7 9. h4 cxd4 10. Qf4 Nc6
11. h5 Nd5 12. h6+ Kg8 13. Qf3 Nxe5 14. Qe4 Qf6 15. g3 Bb4+ 16. Bd2 Bxd2+ 17. Nxd2 Nc6 18. O-O-O Ncb4 19. Kb1 b6 20. f4 Bb7
21. Qe1 Ne3 22. Rc1 Bxh1 23. Nh3 Bd5 24. b3 Nbxc2 25. Qe2 d3
0-1

[Event "Agarr's SC Free for All 4"]
[Site "SchemingMind.com"]
[Date "2006.12.23"]
[Round "-"]
[White "paddyBosnian"]
[Black "Pedro666"]
[Result "0-1"]
[WhiteCountry "BIH"]
[BlackCountry "POL"]
[WhiteElo "1962"]
[WhiteRD "72"]
[BlackElo "2150"]
[BlackRD "87"]
[GameID "83394"]

1. d4 Nf6 2. c4 g6 3. Nc3 Bg7 4. e4 d6 5. Nf3 O-O 6. Be2 e5 7. O-O Nbd7 8. Re1 c6 9. Bf1 a5 10. Rb1 Re8
11. d5 Nc5 12. b3 Bd7 13. dxc6 Bxc6 14. Qc2 Rc8 15. Ba3 Qb6 16. Rbd1 Bf8 17. Qb1 Bd7 18. Nd2 Bg4 19. Be2 Ne6 20. Nf1 Nf4
21. Bxg4 Nxg4 22. Ne3 Nxe3 23. Rxe3 d5 24. c5 Bxc5 25. Na4 Bxe3 26. Nxb6 Bxb6 27. exd5 Ne2+ 28. Kf1 Nc3 29. Qc2 Nxd1 30. Qxd1 Bd4
31. Qg4 Rcd8 32. Qg5 Rxd5 33. h4 h6 34. Qxh6 e4 35. Bc1 e3 36. Bd2 exd2 37. Qxd2 Bc3
0-1

[Event "Agarr's SC Free for All 4"]
[Site "SchemingMind.com"]
[Date "2006.12.24"]
[Round "-"]
[White "agarr"]
[Black "Pedro666"]
[Result "0-1"]
[WhiteCountry "RUS"]
[BlackCountry "POL"]
[WhiteElo "1736"]
[WhiteRD "70"]
[BlackElo "2074"]
[BlackRD "93"]
[GameID "83395"]

1. e4 Nf6 2. e5 Nd5 3. d4 d6 4. c4 Nb6 5. exd6 exd6 6. Bd3 Nc6 7. Be3 Be7 8. a3 Bf6 9. Ne2 Bg4 10. f3 Bh4+
11. g3 Bxf3 12. O-O Bxe2 13. Qxe2 Bf6 14. Qf2 d5 15. c5 Nc4 16. Bxc4 dxc4 17. Nd2 Qd5 18. Rac1 Nxd4 19. Rxc4 Rd8 20. Rcc1 O-O
21. Nf3 Nxf3+ 22. Qxf3 Qxf3 23. Rxf3 Rd3 24. Rc2 Re8 25. Kf2 Rdxe3 26. Rxe3 Bd4 27. Rc3 Rxe3 28. Rxe3 Bxc5 29. Kf3 Bxe3 30. Kxe3 Kf8
31. Ke4 Ke7
0-1

[Event "Agarr's SC Free for All 4"]
[Site "SchemingMind.com"]
[Date "2006.12.24"]
[Round "-"]
[White "norlavuaram"]
[Black "Pedro666"]
[Result "0-1"]
[WhiteCountry "PER"]
[BlackCountry "POL"]
[WhiteElo "1710"]
[WhiteRD "67"]
[BlackElo "2094"]
[BlackRD "94"]
[GameID "83396"]

1. e4 Nf6 2. e5 Nd5 3. d4 d6 4. Nf3 Bg4 5. Be2 c6 6. O-O Bxf3 7. Bxf3 dxe5 8. dxe5 e6 9. Nd2 Nf4 10. Ne4 Qxd1
11. Rxd1 Ng6 12. Nd6+ Bxd6 13. exd6 Nd7 14. c4 Nge5 15. Be2 c5 16. f4 Nc6 17. Bf3 Rc8 18. b3 O-O 19. Bb2 Rfd8 20. Be4 Nf6
21. Bxf6 gxf6 22. Rd2 f5 23. Bxc6 Rxc6
0-1

[Event "Agarr's SC Free for All 4"]
[Site "SchemingMind.com"]
[Date "2006.12.22"]
[Round "-"]
[White "mkefeli"]
[Black "Pedro666"]
[Result "1/2-1/2"]
[WhiteCountry "TUR"]
[BlackCountry "POL"]
[WhiteElo "2060"]
[WhiteRD "74"]
[BlackElo "2150"]
[BlackRD "87"]
[GameID "83397"]

1. e4 Nf6 2. e5 Nd5 3. d4 d6 4. Nf3 Bg4 5. Be2 c6 6. O-O Bxf3 7. Bxf3 dxe5 8. dxe5 e6 9. c4 Ne7 10. Qxd8+ Kxd8
11. b3 Nd7 12. Bb2 Ng6 13. Re1 Kc7 14. Nd2 Bb4 15. Rad1 Nc5 16. Re3 Rad8 17. Nf1 Rxd1 18. Bxd1 Rd8 19. Bc2 Nf4 20. g3 Nfd3
21. Ba1 Ne1 22. Bxh7 Rd1 23. Bc3 Bxc3 24. Rxc3 g6 25. Bg8 Rd7 26. f4 Kd8 27. b4 Ncd3 28. b5 Ke7 29. bxc6 bxc6 30. Rb3 Kf8
31. Rb8+ Kg7 32. Ne3 Nf3+ 33. Kf1 Nd2+ 34. Kg2 Ne1+ 35. Kf2 Nd3+ 36. Kg2 Ne1+ 37. Kf2=
1/2-1/2

[Event "Agarr's SC Free for All 4"]
[Site "SchemingMind.com"]
[Date "2006.12.23"]
[Round "-"]
[White "Negrito19"]
[Black "Pedro666"]
[Result "0-1"]
[WhiteCountry "ARG"]
[BlackCountry "POL"]
[WhiteElo "1560"]
[WhiteRD "56"]
[BlackElo "2074"]
[BlackRD "93"]
[GameID "83398"]

1. e4 Nf6 2. Nc3 d5 3. e5 d4 4. exf6 dxc3 5. fxg7 cxd2+ 6. Bxd2 Bxg7 7. c3 Qd5 8. Ne2 Nc6 9. Nf4 Qe5+ 10. Be2 Bg4
11. f3 Bd7 12. O-O O-O-O 13. Nd3 Qf6 14. Qb3 Be6 15. c4 Qd4+ 16. Kh1 Bxc4 17. Qc3 Qxc3 18. Bxc3 Bxc3 19. Nf4 Bxe2 20. Nxe2 Bxb2
21. Rab1 Rd2 22. Nf4 Be5 23. Nh3 Rg8 24. g3 Rxa2 25. Nf2 Rd8 26. Ne4 f5 27. Nf2 Rdd2 28. Kg2 Bd4 29. Kh3 Bxf2 30. Rb5 Nd4
31. Re5 e6 32. g4 Nxf3 33. gxf5 Nxe5 34. fxe6 Ra3+ 35. Kg2 Bc5+ 36. Kh1 Nf3 37. Rxf3 Ra1+
0-1

[Event "Agarr's SC Free for All 4"]
[Site "SchemingMind.com"]
[Date "2006.12.23"]
[Round "-"]
[White "calidore"]
[Black "Pedro666"]
[Result "0-1"]
[WhiteCountry "ISR"]
[BlackCountry "POL"]
[WhiteElo "1826"]
[WhiteRD "61"]
[BlackElo "2074"]
[BlackRD "93"]
[GameID "83399"]

1. e4 Nf6 2. e5 Nd5 3. d4 d6 4. Nf3 Bg4 5. Be2 c6 6. O-O Bxf3 7. Bxf3 dxe5 8. dxe5 e6 9. c4 Ne7 10. Qxd8+ Kxd8
11. Nc3 Ng6 12. Bg5+ Be7 13. Rad1+ Nd7 14. Bxe7+ Kxe7 15. Rfe1 Ndxe5 16. Be4 Nxc4 17. Bxg6 hxg6 18. Rd4 Nd6 19. g4 Rhd8 20. Red1 c5
21. R4d3 Nc4 22. b3 Ne5 23. Rxd8 Rxd8 24. Rxd8 Kxd8 25. h3 f5 26. f4 Nd3 27. Ne2 Kd7 28. Kg2 Kd6 29. Kf3 Nb4 30. a4 a6
31. Nc3 Nc6 32. Ke3 Nd4 33. Kd3 Nxb3
0-1

[Event "Agarr's SC Free for All 4"]
[Site "SchemingMind.com"]
[Date "2006.12.23"]
[Round "-"]
[White "Nightlamp"]
[Black "Pedro666"]
[Result "0-1"]
[WhiteCountry "BEL"]
[BlackCountry "POL"]
[WhiteElo "1839"]
[WhiteRD "88"]
[BlackElo "2074"]
[BlackRD "93"]
[GameID "83400"]

1. d4 Nf6 2. Nf3 g6 3. g3 Bg7 4. Bg2 O-O 5. O-O d6 6. b3 c5 7. Bb2 Na6 8. c4 Rb8 9. Nc3 Bd7 10. Rc1 cxd4
11. Nxd4 Nc7 12. Qd2 a6 13. Rfd1 b5 14. cxb5 axb5 15. h3 Qc8 16. Kh2 Qa6 17. a3 Ne6 18. b4 Nxd4 19. Qxd4 Ng4+ 20. hxg4 Bxd4
21. Rxd4 Be6 22. Bd5 Rbc8
0-1

[Event "Agarr's SC Free for All 4"]
[Site "SchemingMind.com"]
[Date "2006.12.22"]
[Round "-"]
[White "markakeen"]
[Black "Pedro666"]
[Result "0-1"]
[WhiteCountry "GBR"]
[BlackCountry "POL"]
[WhiteElo "1990"]
[WhiteRD "83"]
[BlackElo "2163"]
[BlackRD "91"]
[GameID "83401"]

1. e4 Nf6 2. e5 Nd5 3. d4 d6 4. c4 Nb6 5. f4 dxe5 6. fxe5 Nc6 7. Be3 Bf5 8. Nc3 e6 9. Nf3 Be7 10. Be2 O-O
11. O-O f6 12. c5 Nd5 13. Nxd5 Qxd5 14. Bb5 fxe5 15. Bxc6 Qxc6 16. Nxe5 Qd5 17. b3 Bxc5 18. dxc5 Qxe5 19. Re1 Rad8 20. Qh5 Rd3
21. Bf2 Qb2 22. Qh4 e5 23. Qc4+ Kh8 24. Qc1 Rd2 25. Qxb2 Rxb2 26. Rxe5 h6 27. Re7 Be4 28. Rxe4 Rfxf2 29. Rg4 Rxa2 30. Rxa2 Rxa2
31. Rb4 b6 32. cxb6 axb6 33. h4 Kg8 34. Rf4 c5 35. Kh2 Ra7 36. g4 Ra2+ 37. Kg3 Ra3 38. Rf3 b5 39. Kf4 b4 40. Re3 Ra7
41. Re4 Rd7 42. Re3 Kf7 43. Re4 Rd5 44. Re3 Rd4+ 45. Re4= g5+ 46. hxg5 hxg5+ 47. Kf3 Rxe4
0-1